000 00709nam a22001937a 4500
999 _c2274
_d2274
003 AR-CdUCM
008 190304b ||||| |||| 00| 0 spa d
040 _aMUNICIPALIDAD PROVINCIAL DEL CUSCO
_cBIBLIOTECA MUNICIPAL DEL CUSCO
082 _a370.4 /
_bM16
100 _aMager, Robert
_98213
245 _aActitudes positivas en la enseñanza /
260 _aMexico :
_bCentro Regional de Ayuda Tecnica,
_c1968.
300 _a123 páginas ;
_c20 cm.
505 _aA donde voy? -- De que se trata? -- El porqué de todo esto -- Como llegar ahí? -- Reconocer el acercamiento...
650 _aActitudes para enseñar.
_98214
650 _aComo enseñar.
_98215
942 _2ddc
_cLIBROS
945 _awfj
_d2019-03-04